| 000 -CABECERA |
| Longitud fija campo de control |
00454nam a2200145 a 4500 |
| 001 - NÚMERO DE CONTROL |
| Número de control |
1774 |
| 003 - IDENTIFICADOR DEL NÚMERO DE CONTROL |
| Identificador del número de control |
CDMR |
| 005 - FECHA Y HORA DE LA ÚLTIMA TRANSACCIÓN |
| Fecha y hora de la última transacción |
20130321183720.0 |
| 008 - CÓDIGOS DE INFORMACIÓN DE LONGITUD FIJA |
| Códigos de información de longitud fija |
130130s2010||||||||||||||||||||||||||||d |
| 040 ## - FUENTE DE LA CATALOGACIÓN |
| Centro catalogador de origen |
CDMR |
| Lengua de catalogación |
cat |
| Centro transcriptor |
CPC GIRONA |
| 100 1# - PUNTO DE ACCESO PRINCIPAL-NOMBRE DE PERSONA |
| Nombre de persona |
Caplin, Elliot |
| 9 (RLIN) |
1332 |
| 245 10 - MENCIÓN DE TÍTULO |
| Título |
Julieta Jones |
| Resto del título |
: tiras diarias del 9 de marzo de 1953 al 13 de agosto del 1955 |
| Mención de responsabilidad, etc. |
Caplin, Elliot , Drake, Stan |
| 260 ## - PUBLICACIÓN, DISTRIBUCIÓN, ETC. (PIE DE IMPRENTA) |
| Fecha de publicación, distribución, etc. |
2010 |
| Nombre del editor, distribuidor, etc. |
Panini Comics |
| Lugar de publicación, distribución, etc. |
Torroella de Montgrí |
| 942 ## - ENTRADA DE ELEMENTOS AGREGADOS (KOHA) |
| Koha [por defecto] tipo de item |
Monografies |
| Fuente de clasificaión o esquema |
|